Metabolické zmeny pri Escherichia coli v procese hladovania /

Hlavní autor: Monogramista T.D, 1947-
Jazyk: Slovenština
Vydáno: Bratislava : Veda, 1976
Vydání: 1. vyd.
Edice: Biologické práce (Veda)
Fyzický popis: 111 s. ; 8°
Language note: Ruské resumé
Knihy
Uloženo v:
LEADER 00817nam a22002532a 4500
001 001208612
003 CZ BrMZK
005 20120425135258.0
007 ta
008 120425s1976 xo er|||||||||||slo d
040 |a ABA001  |b cze  |c ABA001  |d ABA001 
100 0 |a Monogramista T.D,  |d 1947-  |7 jo20010044149  |4 aut 
245 1 0 |a Metabolické zmeny pri Escherichia coli v procese hladovania /  |c Dezider Tóth 
250 |a 1. vyd. 
260 |a Bratislava :  |b Veda,  |c 1976 
300 |a 111 s. ;  |c 8° 
490 1 |a Biologické práce ;  |v čís. 22/5, 1976 
504 |a Bibliografie na s. 96-101 
546 |a Ruské resumé 
830 0 |a Biologické práce (Veda) 
910 |a BOA001  |b 2-0767.639 
990 |a BK 
991 |b 201204 
996 7 |b 2619516438  |c 2-0767.639  |l MZK  |r Sklad / do 1 hodiny  |n 0  |w 001242205  |u 000010  |a 1  |e BOA001  |j MZK50  |s A